فکر کی نقا شيا ں (Record no. 166511)

MARC details
000 -LEADER
fixed length control field 00650nam a22001937a 4500
005 - DATE AND TIME OF LATEST TRANSACTION
control field 20190726111155.0
010 ## - LCCN (DPL NO)
LC control number UR-10290
020 ## - INTERNATIONAL STANDARD BOOK NUMBER
Terms of availability 220.00
International Standard Book Number 9789388356541
035 ## - SYSTEM CONTROL NUMBER
System control number U-8845
037 ## - SOURCE OF ACQUISITION
Source of stock number/acquisition DBAD/PUB
082 ## - DEWEY DECIMAL CLASSIFICATION NUMBER
Classification number 841
100 ## - MAIN ENTRY--PERSONAL NAME
Personal name سا غر و ا رثی
245 ## - TITLE STATEMENT
Title فکر کی نقا شيا ں
Statement of responsibility, etc سا غر و ا رثی
246 ## - VARYING FORM OF TITLE
Remainder of title Fikr ki Naqqashiyan (Urdu)
Title proper/short title by Saghar Warsi
260 ## - PUBLICATION, DISTRIBUTION, ETC. (IMPRINT)
Place of publication, distribution, etc Delhi
Name of publisher, distributor, etc Educational Publishing House
Date of publication, distribution, etc 2018 ء
270 ## - ADDRESS
Address 3191,Vakil Street,Kucha Pandit Lal Kuan,
City Delhi
Postal code 110006
Telephone number 23216162
Fax number 0091-1123211540
300 ## - PHYSICAL DESCRIPTION
Extent 208 ص
Dimensions 22 Cm(Hb)
942 ## - ADDED ENTRY ELEMENTS (KOHA)
Source of classification or shelving scheme Dewey Decimal Classification
Item type Urdu Bks
Classification part 841
Call number suffix و ا ر
Holdings
Withdrawn status Lost status Not for loan Collection code Home library Current library Date acquired Source of acquisition Cost, normal purchase price Full call number Barcode Copy number Cost, replacement price Koha item type
      Non-fiction Central Library Central Library 26/07/2019 DBAD/PUB 220.00 841 و ا ر U-8845 1 220.00 Urdu Bks

© Delhi Public Library
Hit Counter
free hit counter